[Event "Eliteserien 2009-2010"]
[Site "Haraldsheim"]
[Date "2010.04.09"]
[Round "7"]
[White "Getz, Nicolai"]
[Black "Tallaksen, Levi André"]
[Result "1/2-1/2"]
[WhiteElo "2265"]
[BlackElo "2154"]
[PlyCount "125"]
[EventDate "2009.??.??"]

1. e4 e5 2. Nf3 d6 3. d4 Nd7 4. Nc3 Be7 5. Rg1 Ngf6 6. g4 exd4 7. Nxd4 Nc5 8.
Qf3 O-O 9. Be3 Nfd7 10. O-O-O Re8 11. g5 Bf8 12. h4 c6 13. Nf5 Ne5 14. Qg2 Bxf5
15. exf5 d5 16. Bd4 b5 17. f4 Nc4 18. Bxc4 bxc4 19. h5 Ne4 20. g6 fxg6 21. hxg6
h6 22. Nxe4 Rxe4 23. Be5 Qc8 24. f6 gxf6 25. Bxf6 Rxf4 26. Be5 Rf5 27. Qh2 Bg7
28. Bxg7 Kxg7 29. Qd6 Qd8 30. Qxc6 Rc8 31. Qe6 Rf6 32. Qe5 Qd6 33. Qc3 Re8 34.
Kb1 Qe5 35. Qa5 Rxg6 36. Qxa7+ Re7 37. Qf2 Rxg1 38. Rxg1+ Kh7 39. b3 cxb3 40.
axb3 Rg7 41. Re1 Qg5 42. Qd4 Rd7 43. Re8 Rg7 44. Kb2 Qf5 45. Re5 Qf6 46. Rxd5
Qxd4+ 47. Rxd4 Rc7 48. c4 Kg6 49. b4 h5 50. b5 Kf5 51. Kc3 Rh7 52. b6 h4 53. c5
h3 54. c6 h2 55. Rd1 h1=Q 56. Rxh1 Rxh1 57. b7 Rc1+ 58. Kd4 Rxc6 59. b8=Q Re6
60. Qc8 Kf6 61. Qf8+ Kg5 62. Qg7+ Kf5 63. Qh7+ 
1/2-1/2

[Event "Eliteserien 2009-2010"]
[Site "Haraldsheim"]
[Date "2010.04.09"]
[Round "7"]
[White "Hobber, Anders"]
[Black "Elseth, Roar"]
[Result "0-1"]
[WhiteElo "2146"]
[BlackElo "2241"]
[PlyCount "71"]
[EventDate "2010.??.??"]

1. d4 d5 2. Nf3 Nf6 3. e3 e6 4. Bd3 c5 5. c3 Nc6 6. O-O Qc7 7. Nbd2 Bd7 8. Qe2
a6 9. dxc5 Bxc5 10. e4 dxe4 11. Nxe4 Be7 12. Nxf6+ Bxf6 13. Rd1 h6 14. Be3 Be7
15. Bc2 Rd8 16. Nd4 e5 17. Nf5 Bf8 18. Ng3 g6 19. Ne4 Be7 20. b4 Kf8 21. Nc5
Bc8 22. a4 Kg7 23. a5 Rxd1+ 24. Rxd1 Nxa5 25. f4 b6 26. Nd3 Nc4 27. Nxe5 Nxe3
28. Qxe3 Bf6 29. Bb3 Re8 30. Re1 Be6 31. c4 Re7 32. Qg3 Qd6 33. Qc3 Qc7 34. g4
Bxg4 35. c5 bxc5 36. bxc5 
0-1

[Event "Eliteserien 2009-2010"]
[Site "Haraldsheim"]
[Date "2010.04.10"]
[Round "8"]
[White "Djurhuus, Rune"]
[Black "Berg, Emanuel"]
[Result "1/2-1/2"]
[WhiteElo "2414"]
[BlackElo "2476"]
[PlyCount "134"]
[EventDate "2009.??.??"]

1. e4 c5 2. Nf3 e6 3. Qe2 Nc6 4. g3 g6 5. Bg2 Bg7 6. O-O Nge7 7. c3 O-O 8. e5
d6 9. d4 cxd4 10. cxd4 Nf5 11. Rd1 Qb6 12. Qe4 d5 13. Qd3 f6 14. Nc3 Bd7 15.
Na4 Qc7 16. exf6 Bxf6 17. Bf4 Qd8 18. Nc5 Nfxd4 19. Nxd4 Bxd4 20. Be3 Bxc5 21.
Bxc5 Rf7 22. Qe3 Qf6 23. Rd2 Ne5 24. Rc1 Nf3+ 25. Bxf3 Qxf3 26. Bxa7 Qxe3 27.
Bxe3 Rxa2 28. f4 Bc6 29. Bd4 Rf8 30. Be5 Rfa8 31. h4 h5 32. Kf2 Kf7 33. Ke3
R8a4 34. Bd4 Ra1 35. Rdd1 Rxc1 36. Rxc1 Ke7 37. Rg1 Kf7 38. Rc1 Ke7 39. Rg1 Kd6
40. g4 hxg4 41. Rxg4 Be8 42. Rg1 Rc4 43. Kd3 Ba4 44. Ke3 Bc2 45. Rc1 b5 46. Ra1
Bf5 47. Ra6+ Kc7 48. Ra3 b4 49. Ra7+ Kc6 50. Ra8 Kb5 51. b3 Rc3+ 52. Bxc3 bxc3
53. Ra7 Kb4 54. Kd4 c2 55. Rc7 Kxb3 56. Ke3 Kb4 57. Kd2 d4 58. Rc6 Kb5 59. Rc7
Be4 60. Re7 Bf5 61. Rc7 d3 62. Rc3 Be4 63. Kc1 Kb4 64. Kd2 Bf5 65. Rc7 Kb3 66.
Rc6 Kb4 67. Rc7 Kb3 
1/2-1/2

[Event "Eliteserien 2009-2010"]
[Site "Haraldsheim"]
[Date "2010.04.10"]
[Round "8"]
[White "Hammer, Jon Ludvig"]
[Black "Hole, Øystein"]
[Result "1/2-1/2"]
[WhiteElo "2605"]
[BlackElo "2369"]
[PlyCount "116"]
[EventDate "2009.??.??"]

1. d4 d5 2. c4 c6 3. Nf3 Nf6 4. Nc3 dxc4 5. a4 Bf5 6. Nh4 e6 7. Nxf5 exf5 8. e3
Bb4 9. Bxc4 O-O 10. Qc2 g6 11. O-O Nbd7 12. f3 Rc8 13. Rd1 Qe7 14. Qf2 Nb6 15.
Bb3 Rcd8 16. h3 c5 17. Qh4 f4 18. Qxf4 Bxc3 19. bxc3 Nfd5 20. Qh6 Nxc3 21. Re1
Rxd4 22. exd4 Qxe1+ 23. Kh2 Qe7 24. Bg5 Qd6+ 25. Bf4 Qxd4 26. Re1 Nd7 27. Re7
c4 28. Bxc4 Qxc4 29. Rxd7 Qe6 30. Rxb7 Nxa4 31. Qh4 Re8 32. Rxa7 Nc3 33. Ra5
Qb6 34. Re5 Rxe5 35. Bxe5 Nd5 36. Qa4 Qd8 37. Qd4 h5 38. f4 Kh7 39. f5 gxf5 40.
Qd3 Kg6 41. Kh1 f6 42. Bb2 Qd6 43. g4 Qe6 44. Kh2 Qe4 45. Qxe4 fxe4 46. Kg3 f5
47. gxf5+ Kxf5 48. Bc1 Ne7 49. Be3 Ng6 50. Kf2 h4 51. Kf1 Ke5 52. Bg5 Ke6 53.
Bd2 Kd5 54. Bg5 Ke5 55. Be3 Ne7 56. Bg5 Nf5 57. Ke2 Kd4 58. Bf6+ Kd5 
1/2-1/2

[Event "Eliteserien 2009-2010"]
[Site "Haraldsheim"]
[Date "2010.04.10"]
[Round "8"]
[White "Moen, Andreas G.R."]
[Black "Thorstensen, Trond"]
[Result "1-0"]
[WhiteElo "2315"]
[BlackElo "2209"]
[PlyCount "59"]
[EventDate "2009.??.??"]

1. e4 e6 2. d4 d5 3. Nc3 dxe4 4. Nxe4 Be7 5. Nf3 Nf6 6. Nxf6+ Bxf6 7. Bd3 Nd7
8. O-O O-O 9. Qe2 c5 10. Be3 cxd4 11. Bxd4 Bxd4 12. Nxd4 Nf6 13. Rfd1 Bd7 14.
c4 Qb6 15. Rac1 Rac8 16. Nf3 Qc5 17. Ne5 Rfd8 18. h3 Be8 19. Qe3 Kf8 20. Qxc5+
Rxc5 21. f4 a5 22. Be2 Rxd1+ 23. Rxd1 Ke7 24. Bf3 b5 25. Rd4 g5 26. fxg5 Rxe5
27. gxf6+ Kxf6 28. cxb5 Rxb5 29. Rd8 Ke7 30. Rxe8+ 
1-0

[Event "Eliteserien 2009-2010"]
[Site "Haraldsheim"]
[Date "2010.04.10"]
[Round "8"]
[White "Skrondal, Inge Sandstad"]
[Black "Kovachev, Daniel Jakobsen"]
[Result "0-1"]
[WhiteElo "2247"]
[BlackElo "2261"]
[PlyCount "96"]
[EventDate "2009.??.??"]

1. Nf3 g6 2. c4 Bg7 3. d4 d6 4. Nc3 Bg4 5. Bg5 h6 6. Bh4 c5 7. d5 Nf6 8. Nd2 g5
9. Bg3 Nh5 10. Qb3 Bc8 11. e3 Na6 12. Bd3 Nc7 13. f3 Nxg3 14. hxg3 b6 15. Nde4
Rb8 16. f4 g4 17. Nf2 a6 18. a4 Bd7 19. Rh4 Qc8 20. O-O-O f5 21. Rdh1 Rf8 22.
Nfd1 Kd8 23. Re1 Qb7 24. Rh5 b5 25. Qc2 bxc4 26. Bxc4 Ne8 27. Qe2 Ra8 28. Rhh1
Nf6 29. Nf2 Kc7 30. e4 fxe4 31. Nfxe4 Nxe4 32. Qxe4 Rab8 33. Re2 Qb4 34. Nd1
Qxa4 35. Rc2 Qa1+ 36. Kd2 Bxb2 37. Rxh6 Bf6 38. Ra2 Qb1 39. Qxb1 Rxb1 40. Rxa6
Rfb8 41. Ra2 R8b4 42. Bd3 Rd4 43. Ra7+ Kd8 44. Kc2 Rxd1 45. Kxd1 Rxd3+ 46. Ke1
Rxd5 47. Rg6 Be6 48. Ke2 Ke8 
0-1

[Event "Eliteserien 2009-2010"]
[Site "Haraldsheim"]
[Date "2010.04.10"]
[Round "8"]
[White "Bjerke, Richart"]
[Black "Gudbrandsen, Gustav"]
[Result "0-1"]
[WhiteElo "2159"]
[BlackElo "2180"]
[PlyCount "72"]
[EventDate "2009.??.??"]

1. Nf3 Nf6 2. c4 Nc6 3. d4 e6 4. a3 d6 5. Nc3 Be7 6. h3 O-O 7. Bf4 Nd7 8. e3 f5
9. d5 exd5 10. cxd5 Nce5 11. Nd4 Nb6 12. h4 Ng6 13. g3 Nxf4 14. gxf4 Bf6 15. h5
Qe7 16. Qd3 Qf7 17. Bg2 Bd7 18. O-O-O c6 19. Nde2 c5 20. Bf3 Na4 21. Rdg1 c4
22. Qc2 Nc5 23. Ng3 Nd3+ 24. Kb1 b5 25. Be2 a5 26. Bxd3 cxd3 27. Qxd3 b4 28.
axb4 axb4 29. Nce2 Ra5 30. Nxf5 Bxf5 31. Qxf5 Rxd5 32. Qc2 Ra5 33. Nc1 Rfa8 34.
Qd3 Qc7 35. Nb3 Ra2 36. Qd5+ Kf8 
0-1

[Event "Eliteserien 2009-2010"]
[Site "Haraldsheim"]
[Date "2010.04.10"]
[Round "8"]
[White "Lie, Kjetil A."]
[Black "Østenstad, Berge"]
[Result "1-0"]
[WhiteElo "2487"]
[BlackElo "2454"]
[PlyCount "81"]
[EventDate "2009.??.??"]

1. f4 d5 2. Nf3 g6 3. e3 Bg7 4. Be2 Nf6 5. O-O O-O 6. d3 c5 7. Qe1 b6 8. a4 Nc6
9. Na3 Bb7 10. c3 e6 11. Rb1 Rc8 12. b4 cxb4 13. cxb4 Ne7 14. Nb5 Nf5 15. Nfd4
Nxd4 16. Nxd4 Ne8 17. Bb2 Nd6 18. Bg4 Re8 19. b5 a6 20. Qb4 a5 21. Qd2 Nf5 22.
Bxf5 exf5 23. Rfe1 Qd6 24. Nf3 d4 25. Bxd4 Bxd4 26. Nxd4 Qd5 27. Nf3 Rc7 28.
Rec1 Rec8 29. Ne1 Qd6 30. Kf2 Qa3 31. Rxc7 Rxc7 32. Qb2 Rc3 33. Ke2 Bd5 34. Kd2
Rb3 35. Qxa3 Rxa3 36. Rc1 Rxa4 37. Rc6 Ra2+ 38. Kc3 Re2 39. Nc2 Rxg2 40. Rxb6
a4 41. Rd6 
1-0

[Event "Eliteserien 2009-2010"]
[Site "Haraldsheim"]
[Date "2010.04.10"]
[Round "8"]
[White "Tisdall, Jonathan"]
[Black "Lie, Espen"]
[Result "1-0"]
[WhiteElo "2404"]
[BlackElo "2473"]
[PlyCount "205"]
[EventDate "2009.??.??"]

1. Nf3 Nf6 2. c4 c5 3. Nc3 d5 4. cxd5 Nxd5 5. g3 Nc6 6. Bg2 e6 7. O-O Be7 8. b3
Nxc3 9. dxc3 O-O 10. Qxd8 Rxd8 11. Bf4 Bd7 12. Rad1 Be8 13. Ne5 Na5 14. c4 f6
15. Nd3 Nc6 16. Be3 b6 17. Rd2 Rac8 18. Rfd1 Kf7 19. f4 a5 20. f5 e5 21. Bd5+
Kf8 22. Nf2 Nd4 23. Bxd4 cxd4 24. Be6 Ra8 25. a4 Bc6 26. g4 g6 27. Rd3 Kg7 28.
Kf1 Rd6 29. e4 Rxe6 30. fxe6 Re8 31. Ke2 Bc5 32. Rg3 Rxe6 33. Kd3 Re7 34. Rf1
Rb7 35. Re1 Bb4 36. Rc1 Kf7 37. Rf3 Ke6 38. Rf1 Be7 39. Nh1 h5 40. gxh5 Bxe4+
41. Kxe4 f5+ 42. Rxf5 gxf5+ 43. Rxf5 Bf6 44. Nf2 Rg7 45. h6 Rg1 46. Rf3 Ke7 47.
h7 Bh8 48. Rg3 Re1+ 49. Kd3 Kf7 50. Rg8 Re3+ 51. Kd2 Bg7 52. h8=Q Bxh8 53. Rxh8
Rxb3 54. Rh5 Rb2+ 55. Ke1 Rb4 56. Rxe5 Rxc4 57. Rb5 Rxa4 58. Rxb6 Ra1+ 59. Ke2
Ra2+ 60. Kf3 d3 61. Rd6 d2 62. Ke3 a4 63. Rxd2 Ra1 64. Kd3 Kg6 65. Kc3 Ra3+ 66.
Kb4 Ra1 67. Kc3 Ra3+ 68. Kb2 Rf3 69. Nd3 Re3 70. Ka3 Re4 71. Nb4 Kg5 72. Kxa4
Kh4 73. Kb3 Kh3 74. Nd3 Re8 75. Kc3 Re7 76. Kd4 Re8 77. Rf2 Ra8 78. Ke3 Kh4 79.
Ke2 Kh3 80. Nf4+ Kg4 81. Kf1 Ra4 82. Ne2 Rb4 83. Kg2 Ra4 84. h3+ Kg5 85. Kg3
Ra3+ 86. Rf3 Ra2 87. h4+ Kh6 88. Nf4 Ra1 89. Kg4 Rg1+ 90. Rg3 Ra1 91. Rb3 Ra8
92. Rb6+ Kh7 93. h5 Ra1 94. Nd5 Rg1+ 95. Kf5 Ra1 96. Nf6+ Kh6 97. Ng4+ Kh7 98.
Rb7+ Kg8 99. Kg6 Kf8 100. Rf7+ Ke8 101. Nf6+ Kd8 102. Rd7+ Kc8 103. Rd5 
1-0

[Event "Eliteserien 2009-2010"]
[Site "Haraldsheim"]
[Date "2010.04.10"]
[Round "8"]
[White "Østmoe, Geir Sune Tallaksen"]
[Black "Løvik, Lasse Østebø"]
[Result "0-1"]
[WhiteElo "2389"]
[BlackElo "2342"]
[PlyCount "44"]
[EventDate "2009.??.??"]

1. d4 Nf6 2. c4 e6 3. Nf3 d5 4. Nc3 Be7 5. Bf4 O-O 6. e3 Nbd7 7. Qc2 c5 8. cxd5
cxd4 9. exd4 Nxd5 10. Nxd5 exd5 11. a3 Re8 12. O-O-O Nf6 13. Bd3 Bd7 14. Kb1
Rc8 15. Qb3 Rc6 16. Qxb7 Bxa3 17. Qxa7 Bxb2 18. Ne5 Rc7 19. Qb6 Bxd4 20. Qxd4
Qb8+ 21. Qb2 Qxb2+ 22. Kxb2 Rb8+ 
0-1

[Event "Eliteserien 2009-2010"]
[Site "Haraldsheim"]
[Date "2010.04.10"]
[Round "8"]
[White "Sahl, Bjarke"]
[Black "Lahlum, Hans O."]
[Result "1-0"]
[WhiteElo "2338"]
[BlackElo "2173"]
[PlyCount "75"]
[EventDate "2009.??.??"]

1. d4 e6 2. c4 d5 3. Nf3 c6 4. Nbd2 dxc4 5. Nxc4 c5 6. e4 cxd4 7. Qxd4 Bb4+ 8.
Bd2 Bxd2+ 9. Kxd2 Nf6 10. e5 Qxd4+ 11. Nxd4 Nd5 12. Nd6+ Ke7 13. Bc4 Nb6 14.
Rhc1 N8d7 15. f4 Rb8 16. Bb3 Rd8 17. a4 a5 18. Rc7 Na8 19. Rc3 Ndb6 20. Rc5 Bd7
21. Rxa5 Nc7 22. Ra7 Nc8 23. Rxb7 Nxd6 24. Rxc7 Ne8 25. Nc6+ Kf8 26. Nxb8 Nxc7
27. Nxd7+ Rxd7+ 28. Kc3 Na6 29. Rd1 Rc7+ 30. Bc4 Nc5 31. Kb4 Ke7 32. a5 Nd7 33.
Rd6 Rb7+ 34. Bb5 Nb8 35. Kc5 Rc7+ 36. Kb6 Rc2 37. g4 Rxb2 38. Rd4 
1-0

[Event "Eliteserien 2009-2010"]
[Site "Haraldsheim"]
[Date "2010.04.10"]
[Round "8"]
[White "Tallaksen, Levi André"]
[Black "Ekeberg, Carl Fr."]
[Result "1/2-1/2"]
[WhiteElo "2154"]
[BlackElo "2267"]
[PlyCount "56"]
[EventDate "2009.??.??"]

1. d4 Nf6 2. Nf3 g6 3. e3 Bg7 4. Bd3 d5 5. c4 c5 6. Nc3 O-O 7. O-O cxd4 8. exd4
Nc6 9. c5 Bg4 10. Be2 Ne4 11. Be3 Nxc3 12. bxc3 b6 13. cxb6 axb6 14. h3 Bxf3
15. Bxf3 Na5 16. Bf4 e6 17. Qd3 Qd7 18. Rfb1 Nc4 19. Bd1 b5 20. Rb4 Rfc8 21.
Rab1 Na3 22. R1b2 Bf8 23. R4b3 Ra5 24. Be2 Qe8 25. Qd1 Nc4 26. Rc2 Na3 27. Rcb2
Nc4 28. Rc2 Na3 
1/2-1/2

[Event "Eliteserien 2009-2010"]
[Site "Haraldsheim"]
[Date "2010.04.10"]
[Round "8"]
[White "Diesen, Bruce"]
[Black "Bentsen, Håkon"]
[Result "1-0"]
[WhiteElo "2094"]
[BlackElo "2093"]
[PlyCount "103"]
[EventDate "2009.??.??"]

1. e4 e5 2. Nf3 Nc6 3. Bb5 a6 4. Ba4 Nf6 5. O-O Nxe4 6. d4 b5 7. Bb3 d5 8. dxe5
Be6 9. Nbd2 Nc5 10. c3 d4 11. Bxe6 Nxe6 12. cxd4 Ncxd4 13. a4 Rb8 14. Nxd4 Nxd4
15. Ne4 Be7 16. Be3 Nf5 17. Ba7 Qxd1 18. Rfxd1 Rb7 19. Bc5 bxa4 20. g4 Nh4 21.
Bxe7 Kxe7 22. Nc5 Rxb2 23. Rd7+ Ke8 24. Rad1 Rb8 25. Nxa6 Nf3+ 26. Kg2 Nxe5 27.
R7d5 Ng6 28. Nxb8 Nf4+ 29. Kg3 Nxd5 30. Rxd5 Ke7 31. Nc6+ Ke6 32. Ra5 Kd6 33.
Nd4 g6 34. Rxa4 c5 35. Nf3 Rc8 36. Nd2 Kd5 37. Nc4 Rc7 38. Ne3+ Kc6 39. g5 Kb5
40. Rc4 Rd7 41. Rf4 Rc7 42. Nc4 Rd7 43. Kf3 Rd5 44. h4 Rd3+ 45. Ne3 Rd7 46. Ke2
Ra7 47. Kd3 Kc6 48. Rf6+ Kb5 49. Nc4 Rd7+ 50. Rd6 Rb7 51. f4 Rb8 52. Kc3 
1-0

[Event "Eliteserien 2009-2010"]
[Site "Haraldsheim"]
[Date "2010.04.10"]
[Round "8"]
[White "Stokke, Kjetil"]
[Black "Grandelius, Nils"]
[Result "0-1"]
[WhiteElo "2369"]
[BlackElo "2431"]
[PlyCount "48"]
[EventDate "2009.??.??"]

1. Nf3 d5 2. d4 Nf6 3. c4 e6 4. g3 dxc4 5. Bg2 c6 6. Ne5 Bb4+ 7. Nc3 Nd5 8. Qc2
Nxc3 9. bxc3 Qxd4 10. cxb4 Qxa1 11. Nxc4 O-O 12. O-O Qf6 13. Be4 h6 14. Bb2 Qe7
15. Rd1 Nd7 16. Rxd7 Bxd7 17. Bh7+ Kh8 18. Ne5 Be8 19. Bd3 f6 20. Ng4 Bh5 21.
Qc4 Bxg4 22. Qxg4 Rad8 23. Qg6 Rxd3 24. Qxd3 Rd8 
0-1

[Event "Eliteserien 2009-2010"]
[Site "Haraldsheim"]
[Date "2010.04.10"]
[Round "8"]
[White "Gullaksen, Eirik"]
[Black "Arvola, Benjamin"]
[Result "1-0"]
[WhiteElo "2386"]
[BlackElo "2216"]
[PlyCount "45"]
[EventDate "2009.??.??"]

1. e4 c5 2. Nf3 d6 3. d4 cxd4 4. Nxd4 Nf6 5. Nc3 g6 6. Bc4 Bg7 7. Bb3 O-O 8.
O-O Nbd7 9. Re1 Nc5 10. Bg5 Bd7 11. Qd2 b5 12. f3 a5 13. Kh1 Rb8 14. a3 Re8 15.
Ba2 b4 16. axb4 Rxb4 17. Nb3 Na4 18. Nxa4 Rxa4 19. e5 dxe5 20. Red1 e4 21. Nc5
Rb4 22. Bxf6 Bxf6 23. Nxd7 
1-0

[Event "Eliteserien 2009-2010"]
[Site "Haraldsheim"]
[Date "2010.04.10"]
[Round "8"]
[White "David, Edwin"]
[Black "Borchgrevink, Harald B"]
[Result "1-0"]
[WhiteElo "2197"]
[BlackElo "2241"]
[PlyCount "75"]
[EventDate "2009.??.??"]

1. d4 Nf6 2. Nf3 e6 3. e3 b6 4. Bd3 Bb7 5. O-O Be7 6. c4 O-O 7. Nc3 d5 8. cxd5
exd5 9. Ne5 c5 10. Qf3 Nc6 11. Rd1 Bd6 12. Ng4 Nxg4 13. Qxg4 Ne7 14. Ne2 f5 15.
Qf3 Qc7 16. g3 c4 17. Bc2 b5 18. Nf4 Qd7 19. h4 Kh8 20. Qg2 Ng8 21. Qh3 Nh6 22.
e4 dxe4 23. d5 Bxf4 24. Bxf4 Rae8 25. Rd4 Ng4 26. Re1 Nf6 27. Red1 Rf7 28. d6
Ng4 29. b3 e3 30. fxe3 Nxe3 31. Bxe3 Rxe3 32. bxc4 bxc4 33. R4d2 g6 34. h5 gxh5
35. Ba4 Qd8 36. Qh4 Rf6 37. d7 Ree6 38. Rd6 
1-0

[Event "Eliteserien 2009-2010"]
[Site "?"]
[Date "2010.04.10"]
[Round "?"]
[White "IM Frode Elsness, Moss"]
[Black "FM Frode Olav Olsen Urkedal, SK 1911."]
[Result "1-0"]
[WhiteElo "2458"]
[BlackElo "2409"]
[PlyCount "101"]
[EventDate "2010.??.??"]

1. d4 Nf6 2. c4 e6 3. g3 Bb4+ 4. Bd2 Qe7 5. Nf3 Nc6 6. Nc3 Bxc3 7. Bxc3 Ne4 8.
Rc1 d6 9. d5 Nxc3 10. Rxc3 Nd8 11. Bg2 O-O 12. O-O Bd7 13. Nd4 e5 14. Nb5 a6
15. Na3 b6 16. f4 Nb7 17. f5 f6 18. Nc2 a5 19. g4 Nc5 20. Qd2 Rab8 21. Rb1 b5
22. Ra3 a4 23. cxb5 Rxb5 24. b4 axb3 25. axb3 Rbb8 26. b4 Na4 27. Na1 Ra8 28.
Nb3 Qd8 29. Na5 Qb8 30. Rba1 Qb5 31. Rxa4 Qb6+ 32. Kf1 Bxa4 33. Rxa4 Rfb8 34.
Be4 Qb5 35. Bc2 Kh8 36. Nc6 Rf8 37. Ra5 Qc4 38. h3 Rxa5 39. bxa5 Ra8 40. Qd3
Qf4+ 41. Kg2 Re8 42. e3 Qg5 43. a6 e4 44. Qe2 g6 45. Nd4 gxf5 46. Nxf5 h5 47.
Bd1 Qg8 48. Qb2 Re5 49. a7 Qxd5 50. Qb8+ Kh7 51. Qxc7+ 
1-0

[Event "Eliteserien 2009-2010"]
[Site "?"]
[Date "2010.04.10"]
[Round "8"]
[White "GM Normunds Miezis, Moss"]
[Black "IM Torstein Bae, SK 1911."]
[Result "1-0"]
[WhiteElo "2387"]
[BlackElo "2481"]
[PlyCount "129"]
[EventDate "2010.??.??"]

1. c4 e5 2. Nc3 Nf6 3. g3 Bb4 4. Bg2 O-O 5. e4 Bxc3 6. dxc3 a6 7. Qe2 d6 8. Nf3
Nbd7 9. O-O b5 10. Rd1 bxc4 11. Qxc4 a5 12. Qe2 Ba6 13. Qc2 Qb8 14. Nh4 Qb5 15.
b3 Qe2 16. Qxe2 Bxe2 17. Re1 Ba6 18. Ba3 a4 19. Nf3 Bd3 20. Nd2 axb3 21. axb3
Ra7 22. Bb2 Rfa8 23. Rxa7 Rxa7 24. Ra1 Rxa1+ 25. Bxa1 Nc5 26. f3 Nfd7 27. Bf1
Bxf1 28. Kxf1 Kf8 29. Ke2 Ke7 30. Bb2 Ke6 31. Ba3 g6 32. Bxc5 Nxc5 33. b4 Nd7
34. Kd3 f5 35. c4 Nf6 36. Nf1 fxe4+ 37. fxe4 Ng4 38. Ke2 Nf6 39. Kf3 Nd7 40.
Ne3 Nb6 41. Ke2 h5 42. Kd3 Nc8 43. h4 Ne7 44. b5 Nc8 45. Ke2 Nb6 46. Kf3 Kf6
47. g4 g5 48. hxg5+ Kxg5 49. gxh5 Kxh5 50. Nd5 Na8 51. Ke3 Kg4 52. Kd2 Nb6 53.
Nxc7 Nxc4+ 54. Kc3 Nb6 55. Nd5 Nd7 56. b6 Kf3 57. b7 Nb8 58. Nf6 Nc6 59. Kd3
Kf4 60. Nd5+ Kf3 61. Nc3 Kf4 62. Nb5 Kg5 63. Na7 Nb8 64. Kc4 Kf4 65. Kd5 
1-0

[Event "Eliteserien 2009-2010"]
[Site "Haraldsheim"]
[Date "2010.04.10"]
[Round "8"]
[White "Kjølberg, Jens Hjorth"]
[Black "Solberg, Joachim"]
[Result "1-0"]
[WhiteElo "1749"]
[BlackElo "2154"]
[PlyCount "69"]
[EventDate "2010.??.??"]

1. e4 c6 2. c4 d5 3. exd5 cxd5 4. cxd5 Qxd5 5. Nc3 Qd8 6. d4 Nf6 7. Nf3 g6 8.
Bc4 Bg7 9. O-O O-O 10. h3 Nbd7 11. Bg5 Nb6 12. Bb3 h6 13. Bh4 Bf5 14. Ne5 Ne4
15. g4 Nxc3 16. bxc3 Be4 17. Re1 Bd5 18. c4 Be6 19. d5 Bc8 20. c5 g5 21. Bg3
Nd7 22. Rc1 Nxe5 23. Bxe5 f6 24. Bb2 Kh8 25. Bc2 f5 26. Bxg7+ Kxg7 27. Qd4+ Kg8
28. d6 exd6 29. cxd6 Rf6 30. Bb3+ Kf8 31. Qd5 Kg7 32. Re7+ Kg6 33. Rcc7 Qf8 34.
Rg7+ Qxg7 35. Rxg7+ 
1-0

[Event "Eliteserien 2009-2010"]
[Site "Haraldsheim"]
[Date "2010.04.10"]
[Round "8"]
[White "Kirkebø, Carl Peter"]
[Black "Andreassen, Pål"]
[Result "1-0"]
[WhiteElo "2080"]
[BlackElo "2002"]
[PlyCount "70"]
[EventDate "2010.??.??"]

1. e4 c5 2. Nc3 e6 3. Nge2 Nc6 4. d4 cxd4 5. Nxd4 Nf6 6. Ndb5 d6 7. Bf4 e5 8.
Bg5 a6 9. Na3 Be7 10. Bxf6 gxf6 11. Nc4 f5 12. Qh5 b5 13. Ne3 f4 14. Nf5 Bxf5
15. exf5 Nd4 16. Bd3 Rc8 17. O-O d5 18. Rfe1 Bf6 19. Qh6 Rg8 20. Qxf4 e4 21. f3
b4 22. fxe4 bxc3 23. bxc3 Rxc3 24. e5 Be7 25. Kh1 Nc6 26. f6 Bb4 27. e6 Rxd3
28. cxd3 Bxe1 29. Rxe1 Rg6 30. e7 Qb8 31. Qf5 Qc7 32. Rc1 d4 33. Qf3 Rh6 34. h3
Kd7 35. Qd5+ Ke8 
1-0

[Event "Eliteserien 2009-2010"]
[Site "Haraldsheim"]
[Date "2010.04.11"]
[Round "9"]
[White "Martinsen, Stig K."]
[Black "Botheim, Tor"]
[Result "1-0"]
[WhiteElo "2173"]
[BlackElo "1844"]
[PlyCount "87"]
[EventDate "2010.??.??"]

1. d4 Nf6 2. c4 g6 3. Nc3 Bg7 4. e4 d6 5. Be2 O-O 6. Bg5 Nbd7 7. Qd2 e5 8. d5
c6 9. h4 cxd5 10. cxd5 Nc5 11. f3 Bd7 12. Bd1 Qb6 13. Nge2 Nh5 14. g4 Nf4 15.
Nxf4 exf4 16. Bxf4 f5 17. exf5 Rae8+ 18. Kf1 gxf5 19. g5 Qa6+ 20. Kg2 Nd3 21.
Bh2 f4 22. Ne4 Re5 23. a4 Bf5 24. Ra3 Nc5 25. Nxc5 dxc5 26. Bxf4 Ree8 27. d6
Bd7 28. Bg3 Bd4 29. a5 Qc6 30. a6 bxa6 31. Qa5 Kh8 32. Qxa6 Qxa6 33. Rxa6 Rf5
34. Rxa7 Bc6 35. d7 Rd8 36. Rc7 Bxd7 37. Bc2 Rf7 38. Be4 Be8 39. Rxf7 Bxf7 40.
Rc1 Rc8 41. b4 c4 42. b5 Be8 43. Rd1 Bb6 44. Rc1 
1-0